000
00294nam a22001337a 4500
008
171013b xxu||||| |||| 00| 0 eng d
020
_a
9780321022806
041
_a
eng
080
_2
5TH
_a
316
100
_a
50
101
_a
SOC
245
_a
DIVERSITY IN FAMILIES
_c
ZINN,M,B
942
_2
udc
_c
BK
999
_c
33586
_d
33586